| 000 | 00380nam a2200133Ia 4500 | ||
|---|---|---|---|
| 005 | 20260328104340.0 | ||
| 008 | 260328s9999||||xx |||||||||||||| ||und|| | ||
| 100 | _aStagno, Bruno | ||
| 245 | 0 |
_aCiudades Tropicales Sostenibles : _b Pistas Para su DiseƱo / _cBruno Stagno |
|
| 260 | _bInstituto de arquitectura Tropical | ||
| 300 | _a265 p. | ||
| 650 | _aARQUITECTURA | ||
| 942 | _cBK | ||
| 999 |
_c12086 _d12086 |
||